00505nam a22001697a 450000500170000001000140001702000260003103500130005703700130007008200140008324500730009726000390017027000500020930000350025950000190029470000220031320100728151233.0 aENG-97308 a9788184244267c200.00 aEN-80841 bDBAD/PUB a332.10954 aForecasting financial markets in India /cedited by Rudra P. Pradhan aNew DelhibAllied Publishersc2009 aA-104, Mayapuri Phase - IIbNew Delhie110064 aviii, 209p.:bill.c28cm, (Hb) aincludes index aPradhan, Rudra P.